000 00650nam a2200229Ia 4500
003 OSt
005 20221007063458.0
006 a|||||r|||| 00| 0
007 ta
008 221006b |||||||| |||| 00| 0 eng d
024 _a26,599
037 _cTextual
040 _aFLL
_cFLL
_beng
041 _2eng
_aeng
082 _aX9:Z73y7, K7;1
100 _aJones William K.
_9684257
245 0 _aCases and materials on regulated industries
260 _aBrooklyn
_bThe Foundation Press, Inc. Brooklyn
_c1967
300 _axxxv,1-1283p
_ccm.
942 _hX9:Z73y7, K7;1
_cTEXL
_2CC
999 _c1131343
_d1131343